| 000 | 05228nam a2200385 i 4500 | ||
|---|---|---|---|
| 001 | 39663 | ||
| 003 | ES-MaACL | ||
| 005 | 20250806025302.0 | ||
| 007 | t| | ||
| 008 | 030303m18841890sp |||| | spa d | ||
| 040 | _cES-MaACL | ||
| 100 | 1 |
_aCánovas del Castillo, Antonio, _d1828-1897 _934600 _eaut |
|
| 245 | 1 | 0 |
_aProblemas contemporáneos / _cpor A. Cánovas del Castillo. |
| 260 |
_aMadrid : _b[s.n., _c1884-1890] _f(Imp. de A. Pérez Dubrull) |
||
| 300 |
_a3 volúmenes (XXVIII, 470 páginas, [1] hoja de lámina ; 520 páginas ; 10, 616 páginas) ; _c17 cm |
||
| 490 | 1 |
_aColección de escritores castellanos. Críticos ; _v17-18, 81 |
|
| 490 | 1 | _aObras de D. Antonio Cánovas del Castillo | |
| 505 | _aI. Discursos del Ateneo (primera serie): Discurso pronunciado el día 26 de nov. de 1870. Discurso pronunciado el día 25 de nov. de 1871. Discurso pronunciado el día 26 de nov. de 1872. Discurso pronunciado el día 25 de nov. de 1873 -- II. Discursos del Ateneo (segunda serie): Discurso pronunciado el día 6 de nov. de 1882. Discurso pronunciado el día 31 de en. de 1884. Dos ilustres ateneístas contemporáneos: Moreno Nieto: discurso leído en la velada literaria que celebró el Ateneo... en honor del Sr. D. José Moreno Nieto el 4 de marzo de 1882; Revilla: prólogo a sus obras sueltas publicadas... en 1883 -- III. Discursos del Ateneo (tercera serie): Discurso leído el día 6 de nov. de 1889. Discurso del Ateneo, 1890: La cuestión obrera y su nuevo carácter | ||
| 505 | 8 | _aDiscurso primero del Ateneo: El Ateneo en sus relaciones con la cultura española ; Las transformaciones europeas en 1870 ; Cuestión de Roma bajo su aspecto universa l; Epílogo. Discurso segundo del Ateneo: El pesimismo y el optimismo en relación con los problemas de la época actual ; Concepto e importancia de la teodicea popular ; El Estado en sí mismo y en sus relaciones con los derechos individuales y corporativos ; De las formas políticas en general, y en especial de la monarquía constitucional en Inglaterra ; Breve reseña de otras conferencias y de las discusiones privadas del curso anterior. Discurso tercero del Ateneo: El problema religioso y sus relaciones con el político ; El problema religioso y la economía política ; La economía política, el socialismo y el cristianismo ; Errores de las escuelas modernas en orden al concepto de humanidad y al de Estado ; Ineficacia de las soluciones propuestas hasta ahora para los problemas sociales ; El cristianismo y el problema social ; El naturalismo y el socialismo científico ; La moral independiente y la moral cristiana ; El cristianismo como fundamento del orden social ; La creencia en lo sobrenatural y el ateísmo científico ; Importancia de los problemas contemporáneos y método aplicable a su estudio. Discurso cuarto del Ateneo: La libertad y el progreso en el mundo moderno ; El concepto de libertad en las escuelas filosóficas modernas ; El determinismo y la libertad humana ; La libertad humana y sus manifestaciones ; La idea de progreso en los sistemas de Spencer y Häckel y el cristianismo ; Identidad fundamental de la idea de progreso en los sistemas filosóficos contemporáneos ; La filosofía de Kant y el escepticismo y determinismo actuales ; Realidad de los conceptos de libertad y de progreso. Los arbitristas (artículo). Otro precursor de Malthus (artículo). Discurso parlamentario sobre La Internacional -- III. Discurso... 6 nov. de 1889: Ejercicio de la soberanía en las democracias modernas ; Las revoluciones en la Edad Moderna ; Clasificación de los sistemas democráticos: la democracia pura en Suiza ; La democracia de régimen mixto en los cantones suizos ; La soberanía ejercida en Suiza por la Confederación: el régimen municipal ; La democracia en los Estados Unidos ; El concepto de la soberanía en los Estados Unidos y en Suiza ; Principios teóricos de la democracia francesa ; Conclusiones. El juicio por jurados y el Partido Liberal Conservador ; Estudios económico-sociales | |
| 530 | _aDisponible en formato digital | ||
| 600 | 1 | 4 |
_aMoreno Nieto, José, _d1825-1882 _983416 |
| 600 | 1 | 4 |
_aRevilla, José de la, _d1796-1859 _9131739 |
| 610 | 2 | 4 |
_aAteneo de Madrid- _vDiscursos de apertura- _yS.XIX. _91912 |
| 830 | 1 | 0 |
_aColección de escritores castellanos. Críticos _v17-18, 81 _9182227 |
| 830 | 1 |
_aObras de D. Antonio Cánovas del Castillo _9226529 |
|
| 852 |
_aES-MaACL _cDEPO _dOlim: F-12450(bis)-12452 _jR-2300-02 |
||
| 856 |
_uhttp://bibliotecavirtual.malaga.es/i18n/consulta/registro.cmd?id=15773 _yVersión en línea _z(Biblioteca Virtual de la Provincia de Málaga) |
||
| 856 |
_uhttp://hdl.handle.net/11169/20828 _yVersión en línea _z(Biblioteca Digital Floridablanca. Fondo Antiguo) |
||
| 856 |
_uhttps://archive.org/details/problemascontemp01cnov/page/n10 _yVersión en línea _z(Internet Archive) _z(Vol. 1) |
||
| 856 |
_uhttps://archive.org/details/problemascontemp02cnov/page/5 _yVersión en línea _z(Internet Archive) _z(Vol. 2) |
||
| 856 |
_uhttps://archive.org/details/problemascontemp03cnov/page/5 _yVersión en línea _z(Internet Archive) _z(Vol. 3) |
||
| 942 |
_cMONANT _n0 |
||
| 999 |
_c39663 _d39663 |
||